|
|
|
|
| LEADER |
01314nam a2200313 i 4500 |
| 001 |
c000330554 |
| 003 |
CARM |
| 005 |
00000000000000.0 |
| 008 |
770829s1977 miuaf b 00010beng |
| 019 |
1 |
|
|a 1017419
|5 LACONCORD2021
|
| 020 |
|
|
|a 0879170611
|
| 035 |
|
|
|a (OCoLC)3275239
|5 LACONCORD2021
|
| 041 |
0 |
|
|a engspa
|
| 043 |
|
|
|a s------
|a s-bo---
|
| 050 |
0 |
0 |
|a F2235.5.S9
|b H65
|
| 082 |
0 |
0 |
|a 984/.041/0924
|a B
|
| 100 |
1 |
|
|a Hoover, John P.
|
| 245 |
1 |
0 |
|a Admirable warrior :
|b Marshal Sucre, fighter for South American independence = Guerrero admirable : El mariscal Sucre, luchador por la independencia sudamericana /
|c by John P. Hoover ; translated by Alicia Coloma de Reed.
|
| 260 |
|
|
|a Detroit :
|b B. Ethridge--Books,
|c c1977.
|
| 300 |
|
|
|a 246 p., [4] leaves of plates :
|b ill. ;
|c 24 cm.
|
| 500 |
|
|
|a English and Spanish.
|
| 504 |
|
|
|a Bibliography: p. 245-246.
|
| 600 |
1 |
0 |
|a Sucre, Antonio José de,
|d 1795-1830.
|
| 650 |
|
0 |
|a Presidents
|z Bolivia
|x Biography.
|
| 651 |
|
0 |
|a South America
|x History
|y Wars of Independence, 1806-1830.
|
| 740 |
|
|
|a Guerrero admirable.
|
| 852 |
8 |
|
|b CARM
|h A1:AM19F0
|i C10085
|p 0427933
|f BK
|
| 999 |
f |
f |
|i 748c7af2-81d3-500c-9eaa-8ed6bc754f44
|s 902ba05f-ef7f-5b61-afc6-a4939fd859db
|
| 952 |
f |
f |
|p Can circulate
|a CAVAL
|b CAVAL
|c CAVAL
|d CARM 1 Store
|e C10085
|f A1:AM19F0
|h Other scheme
|i book
|m 0427933
|